Statistics for Largest Cities in Finland

Click here to take the quiz!

General Stats

  • This quiz has been taken 14 times
  • The average score is 5 of 10

Answer Stats

Answer % Correct
Helsinki
100%
Tampere
100%
Turku
82%
Oulu
73%
Jyväskylä
36%
Rovaniemi
36%
Espoo
36%
Vaasa
36%
Lahti
27%
Mariehamn
18%

Score Distribution

Percentile by Number Answered

Percent of People with Each Score

Your Score History

You have not taken this quiz